Effectiveness of weather derivatives as a hedge against the weather risk in agriculture
Efektívnosť derivátov na počasie ako ochrany proti nekatastrofickému riziku súvisiacemu so zmenami počasia v poľnohospodárstve.
Enregistré dans:
| Auteur principal: | |
|---|---|
| Autres auteurs: | , |
| Format: | Chapitre de livre |
| Langue: | anglais |
| Sujets: | |
| Tags: |
Pas de tags, Soyez le premier à ajouter un tag!
|
MARC
| LEADER | 00000naa a2200000 4500 | ||
|---|---|---|---|
| 001 | 0223852 | ||
| 005 | 20221104110242.6 | ||
| 041 | 0 | |a eng | |
| 044 | |a CZ | ||
| 245 | 1 | 0 | |a Effectiveness of weather derivatives as a hedge against the weather risk in agriculture |c Ivana Štulec, Kristina Petljak, Tomislav Baković |
| 520 | |a Efektívnosť derivátov na počasie ako ochrany proti nekatastrofickému riziku súvisiacemu so zmenami počasia v poľnohospodárstve. | ||
| 610 | 2 | 0 | |a poľnohospodárstvo |
| 610 | 2 | 0 | |a počasie |
| 610 | 2 | 0 | |a zmeny klimatické |
| 610 | 2 | 0 | |a deriváty |
| 610 | 2 | 0 | |a efektívnosť |
| 100 | 1 | |a Štulec, Ivana | |
| 700 | 1 | |a Petljak, Kristina | |
| 700 | 1 | |a Baković, Tomislav | |